Les clubs victimes de Didier Drogba en Ligue des Champions - Statistiques

Statistiques générales
  • Ce quiz a été pris 29 fois
  • Le résultat moyen est 13 sur 22
Statistiques - réponses
Hint Réponse % Correct
Espagne FC Barcelone 3
100%
Espagne Real Madrid 2
100%
Allemagne Bayern Munich 3
96%
France Paris Saint-Germain 2
96%
Angleterre Liverpool 4
92%
Espagne Atlético Madrid 2
88%
Italie Juventus 3
88%
Portugal FC Porto 2
77%
Espagne Valence 4
77%
Danemark FC Copenhague 1
73%
Angleterre Manchester United 1
73%
Allemagne Bayer Leverkusen 1
62%
Allemagne Schalke 04 2
58%
Chypre APOEL Nicosie 1
54%
Espagne Real Betis 1
35%
Serbie Partizan Belgrade 3
31%
Norvège Rosenborg 2
31%
Italie Napoli 1
27%
Russie Spartak Moscou 1
27%
Roumanie CFR Cluj 1
19%
Slovénie Maribor 1
12%
Bulgarie Levski Sofia 3
4%
Aucun quiz correspondant
Distribution des résultats
% des personnes avec chaque résultat
Percentile par nombre de réponses
Votre historique - résultats
Vous n’avez pas pris ce quiz